[Event "Druzynowe Mistrzostwa Polski - II Liga Seniorow"]
[Site "Ustron/Slaski Zwiazek Szachowy"]
[Date "2008.09.10"]
[Round "4.1"]
[White "Mista, Aleksander"]
[Black "Cichocki, Adam"]
[Result "1-0"]
[WhiteTitle "GM"]
[BlackTitle "FM"]
[WhiteElo "2539"]
[BlackElo "2320"]

1. e4 e6 2. d4 d5 3. Nd2 Nf6 4. e5 Nfd7 5. Bd3 c5 6. c3 Nc6 7. Ne2 cxd4 8. cxd4
f6 9. exf6 Nxf6 10. O-O Bd6 11. Nf3 Qc7 12. Bg5 O-O 13. Bh4 Nh5 14. Qc2 h6 15.
Bh7+ Kh8 16. Bg6 Nf4 17. Nxf4 Bxf4 18. Bg3 Bd7 19. Rfe1 Rac8 20. Rad1 Qb6 21.
Qe2 Bxg3 22. hxg3 Rf6 23. Bb1 Be8 24. g4 Bg6 25. g5 hxg5 26. Bxg6 Rxg6 27. Qd3
Rh6 28. Rxe6 Qc7 29. Rde1 Rxe6 30. Rxe6 Qf4 31. g3 Qg4 32. Qe3 Rf8 33. Nxg5
Nxd4 34. Re8 Kg8 35. f4 Nc6 36. Qd3 Rxe8 37. Qh7+ Kf8 38. Qh8+ 1-0

[Event "Druzynowe Mistrzostwa Polski - II Liga Seniorow"]
[Site "Ustron/Slaski Zwiazek Szachowy"]
[Date "2008.09.10"]
[Round "4.2"]
[White "Dlugosz, Jedrzej"]
[Black "Tomczak, Rafal"]
[Result "1/2-1/2"]
[WhiteTitle "m"]
[BlackTitle "FM"]
[WhiteElo "2340"]
[BlackElo "2350"]

1. e4 c5 2. Nf3 d6 3. d4 cxd4 4. Nxd4 Nf6 5. Nc3 a6 6. Be3 e5 7. Nb3 Be6 8. f3
Nbd7 9. g4 Qc7 10. Qd2 Be7 11. O-O-O b5 12. g5 Nh5 13. Nd5 Bxd5 14. exd5 O-O
15. Na5 Nf4 16. Bxf4 exf4 17. Nc6 Bxg5 18. Rg1 Bf6 19. Qxf4 Kh8 20. Bd3 Ne5 21.
Be4 Rae8 22. Qf5 Ng6 23. Qh5 Qb6 24. Kb1 Qf2 25. Rxg6 Qe2 26. Rc1 fxg6 27. Bxg6
h6 28. Bd3 Qg2 29. Qf5 Kg8 30. h4 Re3 31. h5 g6 32. Qxg6+ Qxg6 33. Bxg6 Rxf3
34. a3 Rg3 35. Nb4 a5 36. Nc6 Rg5 37. Rd1 Ra8 38. Re1 Kg7 39. Ne7 Bxe7 40.
Rxe7+ Kg8 41. Rd7 Ra6 42. Rb7 b4 43. axb4 axb4 44. b3 Rg4 45. Kb2 Ra5 46. Bf7+
Kf8 47. Be6 Rh4 48. Rf7+ Ke8 49. Rh7 Rh1 50. Rb7 Rh4 51. Rh7 Rh1 52. Rb7
1/2-1/2

[Event "Druzynowe Mistrzostwa Polski - II Liga Seniorow"]
[Site "Ustron/Slaski Zwiazek Szachowy"]
[Date "2008.09.10"]
[Round "4.3"]
[White "Budrewicz, Krzysztof"]
[Black "Kolosowski, Pawel"]
[Result "1-0"]
[WhiteTitle "m"]
[BlackTitle "m"]
[WhiteElo "2333"]
[BlackElo "2309"]

1. d4 d5 2. c4 e6 3. Nc3 f5 4. Nf3 c6 5. Qb3 Nf6 6. Bg5 Be7 7. e3 O-O 8. Be2
Nbd7 9. a4 Kh8 10. O-O a5 11. Rad1 Qe8 12. Qc2 Ne4 13. Bxe7 Qxe7 14. Nd2 Nd6
15. f3 Qf6 16. Kh1 dxc4 17. e4 e5 18. f4 exd4 19. e5 Qh6 20. exd6 dxc3 21. Nxc4
cxb2 22. Qxb2 Rf6 23. Nb6 Nxb6 24. Qxb6 Be6 25. d7 Bxd7 26. Rxd7 Rff8 27. Rxb7
Qe6 28. Qb2 Rg8 29. Qe5 Qa2 30. Ra1 Qd2 31. Re7 Rad8 32. Bc4 Qd1+ 33. Rxd1
Rxd1+ 34. Qe1 Rxe1+ 35. Rxe1 Rb8 36. Bf7 c5 37. Re8+ Rxe8 38. Bxe8 c4 39. Bb5
c3 40. Bd3 1-0

[Event "Druzynowe Mistrzostwa Polski - II Liga Seniorow"]
[Site "Ustron/Slaski Zwiazek Szachowy"]
[Date "2008.09.10"]
[Round "4.4"]
[White "Bugalski, Michal"]
[Black "Lisowski, Krzysztof"]
[Result "1-0"]
[WhiteTitle "k"]
[BlackTitle "k"]
[WhiteElo "2279"]
[BlackElo "2199"]

1. e4 c5 2. c3 d5 3. exd5 Qxd5 4. d4 Nf6 5. Nf3 Bg4 6. Be2 e6 7. h3 Bh5 8. O-O
Nc6 9. Be3 cxd4 10. cxd4 Bd6 11. Nc3 Qa5 12. a3 O-O 13. Qb3 Ne7 14. g4 Bg6 15.
Rac1 Ned5 16. Nxd5 Nxd5 17. Ne5 Qd8 18. Bf3 Qh4 19. Bg2 Rab8 20. Nd7 h5 21.
Nxf8 Rxf8 22. g5 Be4 23. Bd2 Bxg2 24. Kxg2 Qxd4 25. Rfd1 f6 26. Rc4 Qe5 27. g6
Qh2+ 28. Kf1 f5 29. Qf3 Nf6 30. Be3 a6 31. Rdc1 Qe5 32. Bf4 Qxb2 33. Bxd6 Ne4
34. Rxe4 Qxc1+ 35. Re1 Qc4+ 36. Kg1 Rd8 37. Qxh5 Rxd6 38. Qh7+ Kf8 39. Qh8+ Ke7
40. Qxg7+ Kd8 41. Qf8+ Kc7 42. g7 Qc3 43. Qxd6+ Kxd6 44. Rd1+ 1-0

[Event "Druzynowe Mistrzostwa Polski - II Liga Seniorow"]
[Site "Ustron/Slaski Zwiazek Szachowy"]
[Date "2008.09.10"]
[Round "4.5"]
[White "Migala, Andrzej"]
[Black "Kempinski, Tomasz"]
[Result "0-1"]
[WhiteTitle "I+"]
[BlackTitle "k+"]
[WhiteElo "2091"]
[BlackElo "2260"]

1. e4 c5 2. Nf3 g6 3. d4 Bg7 4. Nc3 Qa5 5. Be3 Nf6 6. Qd2 cxd4 7. Nxd4 Nc6 8.
Nb3 Qc7 9. f3 O-O 10. O-O-O d6 11. Kb1 Ne5 12. Bh6 Be6 13. Bxg7 Kxg7 14. Nd5
Bxd5 15. exd5 Rfc8 16. c3 a5 17. Nd4 a4 18. a3 Nc4 19. Bxc4 Qxc4 20. Nc2 Rc5
21. Ne3 Qb3 22. Qd4 Rac8 23. c4 Kg8 24. Rd3 Qb6 25. f4 Qc7 26. Rc1 Nd7 27. Rdc3
Ra5 28. R1c2 Qb6 29. Qxb6 Nxb6 30. b4 axb3 31. Rxb3 Nd7 32. Ka2 Nc5 33. Rb5 Ra7
34. Rc3 Kg7 35. g3 h5 36. Rb1 Kf6 37. Re1 Ra4 38. Nc2 Nd7 39. Kb3 Nb6 40. Nb4
Ra5 41. Nc2 Rac5 42. Ne3 e6 43. Rd1 Ke7 44. dxe6 fxe6 45. Rcd3 R5c6 46. Rd4 d5
47. Rc1 Rc5 48. Kb4 dxc4 0-1

[Event "Druzynowe Mistrzostwa Polski - II Liga Seniorow"]
[Site "Ustron/Slaski Zwiazek Szachowy"]
[Date "2008.09.10"]
[Round "4.6"]
[White "Bukowska, Katarzyna"]
[Black "Krestianowa, Tatiana"]
[Result "1/2-1/2"]
[WhiteTitle "k+"]
[BlackTitle ""]
[WhiteElo "2040"]
[BlackElo "2194"]

1. e4 e5 2. Nf3 Nc6 3. Bb5 d6 4. d4 Bd7 5. Nc3 exd4 6. Nxd4 g6 7. O-O Bg7 8.
Bxc6 bxc6 9. Bf4 Nf6 10. Qd2 Ng4 11. Nf3 f6 12. Rad1 O-O 13. b3 Ne5 14. Nxe5
fxe5 15. Be3 Be6 16. Rfe1 Qb8 17. Na4 Qb5 18. Qd3 Qxd3 19. Rxd3 Rfb8 20. c4 c5
21. Nc3 Rb7 22. Red1 Rab8 23. f3 Kf7 1/2-1/2

[Event "Druzynowe Mistrzostwa Polski - II Liga Seniorow"]
[Site "Ustron/Slaski Zwiazek Szachowy"]
[Date "2008.09.10"]
[Round "4.7"]
[White "Hera, Imre"]
[Black "Juroszek, Tadeusz"]
[Result "1-0"]
[WhiteTitle "GM"]
[BlackTitle "m"]
[WhiteElo "2518"]
[BlackElo "2397"]

1. d4 d6 2. c4 e5 3. Nf3 e4 4. Ng5 f5 5. Nc3 c6 6. Nh3 Na6 7. g3 Nc7 8. Bg2 Nf6
9. f3 exf3 10. exf3 Be7 11. O-O O-O 12. Re1 Re8 13. Qb3 Bf8 14. Be3 Rb8 15. Nf4
Qd7 16. a4 Qf7 17. d5 c5 18. Nb5 a6 19. Nxc7 Qxc7 20. Bd2 Bd7 21. Bc3 Rxe1+ 22.
Rxe1 Re8 23. Ne6 Bxe6 24. dxe6 Be7 25. f4 b6 26. a5 bxa5 27. Qa4 Qc8 28. Bc6
Rf8 29. Bxa5 Ne4 30. Bd5 Nf6 31. Bf3 h5 32. Bc3 g6 33. Qc6 Qxc6 34. Bxc6 Ne8
35. Ra1 Nc7 36. Ba5 Ne8 37. Ra3 Bf6 38. e7 1-0

[Event "Druzynowe Mistrzostwa Polski - II Liga Seniorow"]
[Site "Ustron/Slaski Zwiazek Szachowy"]
[Date "2008.09.10"]
[Round "4.8"]
[White "Kulesza, Mateusz"]
[Black "Kosiorek, Marek"]
[Result "0-1"]
[WhiteTitle "k+"]
[BlackTitle "m"]
[WhiteElo "2280"]
[BlackElo "2371"]

1. e4 c5 2. Nc3 Nc6 3. g3 g6 4. Bg2 Bg7 5. d3 d6 6. f4 e6 7. Nf3 Nge7 8. O-O
O-O 9. Be3 Nd4 10. Qd2 Rb8 11. Qf2 Nec6 12. g4 f5 13. gxf5 exf5 14. Nd5 Nxf3+
15. Bxf3 Bxb2 16. Rab1 Bg7 17. c3 b6 18. h4 Ne7 19. c4 Nxd5 20. exd5 Bd7 21.
Qg3 Qf6 22. h5 Kf7 23. Kh1 b5 24. Rbe1 bxc4 25. dxc4 Rb2 26. Qh3 Re8 27. Bc1
Rxe1 28. Rxe1 Qc3 29. Qg3 Rb1 30. Bd2 Rxe1+ 31. Bxe1 0-1

[Event "Druzynowe Mistrzostwa Polski - II Liga Seniorow"]
[Site "Ustron/Slaski Zwiazek Szachowy"]
[Date "2008.09.10"]
[Round "4.9"]
[White "Karbowiak, Adam"]
[Black "Flasinski, Michal"]
[Result "1/2-1/2"]
[WhiteTitle "k+"]
[BlackTitle "k"]
[WhiteElo "2194"]
[BlackElo "2236"]

1. Nf3 c5 2. g3 b6 3. Bg2 Bb7 4. O-O Nf6 5. c4 e6 6. Nc3 Be7 7. b3 O-O 8. Bb2
d5 9. cxd5 Nxd5 10. Nxd5 Bxd5 11. d3 Bf6 12. Qd2 Nd7 13. Rfd1 Bxb2 14. Qxb2 Qf6
15. Qxf6 Nxf6 16. d4 Rac8 17. Rac1 cxd4 18. Nxd4 Bxg2 19. Kxg2 g6 20. Nb5 a5
21. Nd6 Rcd8 22. Nc4 Nd5 23. e4 Nb4 24. Nxb6 Nxa2 25. Ra1 Rxd1 26. Rxd1 Rb8 27.
Nc4 Nc3 28. Re1 Rxb3 1/2-1/2

[Event "Druzynowe Mistrzostwa Polski - II Liga Seniorow"]
[Site "Ustron/Slaski Zwiazek Szachowy"]
[Date "2008.09.10"]
[Round "4.10"]
[White "Wojciechowski, Piotr"]
[Black "Szymczak, Zbigniew"]
[Result "1-0"]
[WhiteTitle "k"]
[BlackTitle "IM"]
[WhiteElo "2247"]
[BlackElo "2295"]

1. e4 c5 2. Nf3 e6 3. d4 cxd4 4. Nxd4 a6 5. Bd3 Bc5 6. Nb3 Be7 7. Qg4 g6 8. Qe2
d6 9. O-O Nc6 10. c4 b6 11. Nc3 Qc7 12. Be3 Nf6 13. f4 O-O 14. Rac1 Na5 15.
Nxa5 bxa5 16. Bd4 Nd7 17. f5 Bf6 18. Bxf6 Nxf6 19. Kh1 Bb7 20. c5 dxc5 21. Na4
exf5 22. Nxc5 Rae8 23. Bxa6 Bxa6 24. Nxa6 Qb6 25. Nc5 Re5 26. Qf2 Rfe8 27. h3
Nh5 28. Kh2 Qd6 29. Kg1 Rc8 30. Nb7 Qb8 31. Rxc8+ Qxc8 32. Qb6 fxe4 33. Rxf7 e3
34. Nd6 e2 35. Nxc8 e1=Q+ 36. Rf1 Qe3+ 37. Qxe3 Rxe3 38. Nd6 Re2 39. Rf2 Re1+
40. Kh2 Ng7 41. b3 Ne6 42. Nc4 a4 43. bxa4 Nc5 44. a5 Rc1 45. Nd6 Rd1 46. Nb5
Rb1 47. Nd4 Rb4 48. Nb3 Nxb3 49. axb3 Rxb3 50. Ra2 Rb8 51. a6 Kf7 52. a7 Ra8
53. Kg3 Kf6 54. Kf4 Ke6 55. Ra6+ Kf7 56. g3 Ke8 57. Kg5 1-0

[Event "Druzynowe Mistrzostwa Polski - II Liga Seniorow"]
[Site "Ustron/Slaski Zwiazek Szachowy"]
[Date "2008.09.10"]
[Round "4.11"]
[White "Kukula, Pawel"]
[Black "Gola, Karol"]
[Result "1-0"]
[WhiteTitle "k+"]
[BlackTitle "I++"]
[WhiteElo "2238"]
[BlackElo "2174"]

1. Nc3 d5 2. e4 d4 3. Nce2 e5 4. Ng3 Ne7 5. Bc4 Ng6 6. d3 Bb4+ 7. Kf1 O-O 8.
Nf3 Nc6 9. a3 Be7 10. Nf5 Bxf5 11. exf5 Nf4 12. g3 Nd5 13. h4 Qd7 14. Ng5 Nf6
15. Qf3 Na5 16. Ba2 Qc6 17. Qxc6 Nxc6 18. f3 a5 19. g4 a4 20. Nxf7 Rxf7 21. g5
Nh5 22. g6 hxg6 23. fxg6 Ng3+ 24. Kg2 Nxh1 25. Bxf7+ Kf8 26. Bg5 Bxg5 27. hxg5
Nd8 28. Bc4 Ke7 29. Rxh1 Ne6 30. Rh7 Nxg5 31. Rxg7+ Kd6 32. Kg3 Rc8 33. Kg4 Ne6
34. Bxe6 Kxe6 35. Kg5 b5 36. Rh7 c5 37. Rb7 b4 38. g7 b3 39. cxb3 axb3 40. Rc7
Rb8 41. Rxc5 Kf7 42. Rxe5 Kxg7 43. Kf5 Rh8 44. Re7+ 1-0

[Event "Druzynowe Mistrzostwa Polski - II Liga Seniorow"]
[Site "Ustron/Slaski Zwiazek Szachowy"]
[Date "2008.09.10"]
[Round "4.12"]
[White "Szydlowska, Marta"]
[Black "Czarnota, Dorota"]
[Result "0-1"]
[WhiteTitle "k"]
[BlackTitle "WIM"]
[WhiteElo "2032"]
[BlackElo "2229"]

1. d4 d5 2. Nf3 Nf6 3. Bf4 c5 4. e3 Qb6 5. Qc1 Bf5 6. c3 Nc6 7. Nbd2 Rc8 8. a3
cxd4 9. exd4 e6 10. Be2 Be7 11. O-O O-O 12. h3 Ne4 13. Be3 Bf6 14. Ne5 Bxe5 15.
dxe5 d4 16. Nxe4 Bxe4 17. cxd4 Nxd4 18. Bxd4 Qxd4 19. Qf4 f5 20. b3 Rc5 21. Bc4
Re8 22. Rad1 Qxe5 23. Qg5 b5 24. Bd3 Bxd3 25. Rxd3 Rd5 26. f4 Qd6 27. Rg3 Qe7
28. Qh5 Red8 29. Rc1 Rd3 30. Rxd3 Rxd3 31. Rc8+ Rd8 32. Rxd8+ Qxd8 33. Qe2 Qd7
34. b4 h6 35. Qe3 Kh7 36. Kh2 Qc7 37. Kh1 Qb8 38. Qf3 Qb6 39. Kh2 Qd4 40. Qg3
Kh8 41. Qf3 Kh7 42. Qg3 Qd2 43. Qf3 Kg6 44. Qg3+ Kf6 45. Qh4+ Kf7 46. Qh5+ Ke7
47. Qf3 Kf6 48. h4 g5 49. hxg5+ hxg5 50. fxg5+ Kxg5 51. Qg3+ Kf6 52. Kg1 Qd4+
53. Kf1 e5 54. Qh3 Ke6 55. Qh8 Qa1+ 56. Kf2 Qb2+ 57. Kf1 Qc1+ 58. Kf2 Qd2+ 59.
Kf1 Qd3+ 60. Kf2 Kd5 61. Qd8+ Kc4 62. Qc7+ Kd5 63. Qc5+ Ke4 64. Qc6+ Qd5 65.
Qc2+ Kf4 66. g3+ Kg5 67. Qc8 Qd2+ 68. Kf1 Kg4 69. Qg8+ Kf3 70. Qb3+ Qe3 71.
Qd5+ Kxg3 72. Qg2+ Kf4 73. Qh2+ Ke4 74. Qh7 Qc1+ 75. Kf2 Qb2+ 76. Kf1 Qa1+ 77.
Kf2 Qd4+ 78. Kf1 Qd3+ 79. Kf2 Qf3+ 80. Kg1 Qxa3 81. Qb7+ Ke3 82. Qxb5 Qc1+ 83.
Kh2 Qd2+ 84. Kh3 Qd4 85. Qa6 f4 86. Qc6 Qxb4 87. Qc1+ Qd2 88. Qg1+ Kd3 89. Qf1+
Kd4 90. Kh4 Qh2+ 91. Kg5 Qg3+ 92. Kf6 Qh4+ 93. Ke6 Qg4+ 94. Kf6 Qh4+ 95. Ke6
Qh6+ 96. Kf5 Qh7+ 97. Kf6 Qd3 98. Qa1+ Qc3 99. Qxa7+ Kd3 100. Qa6+ Ke3 101.
Qb6+ Kf3 102. Qg1 e4+ 103. Kf5 Qa5+ 104. Ke6 Qa6+ 105. Kf5 Qb5+ 106. Ke6 Qc4+
107. Ke5 Qb5+ 108. Ke6 e3 109. Qh1+ Ke2 110. Qg2+ Ke1 111. Qf3 Qf1 112. Qe4 f3
113. Qb4+ Kf2 114. Qh4+ Kg1 115. Qg3+ Qg2 116. Qe1+ Kh2 117. Kf7 f2 0-1

[Event "Druzynowe Mistrzostwa Polski - II Liga Seniorow"]
[Site "Ustron/Slaski Zwiazek Szachowy"]
[Date "2008.09.10"]
[Round "4.13"]
[White "Maciejczak, Jakub"]
[Black "Chojnacki, Slawomir"]
[Result "1-0"]
[WhiteTitle "m"]
[BlackTitle "k"]
[WhiteElo "2344"]
[BlackElo "2263"]

1. e4 c6 2. d4 d5 3. e5 Bf5 4. Nc3 e6 5. g4 Bg6 6. Nge2 f6 7. Nf4 fxe5 8. Nxe6
Qe7 9. Nxf8 exd4+ 10. Be2 dxc3 11. Nxg6 hxg6 12. Qd3 Qe4 13. Qxe4+ dxe4 14.
bxc3 Nd7 15. Bf4 Ngf6 16. c4 Nc5 17. O-O-O Ne6 18. Be5 g5 19. Rde1 O-O-O 20.
Bd1 Nc5 21. h4 Rhe8 22. Ba1 gxh4 23. Rxh4 g5 24. Rh6 Nfd7 25. Re3 Rf8 26. Re2
Rde8 27. Bd4 Ne6 28. Rxe4 Nxd4 29. Rxd4 Rxf2 30. Rg6 Rf4 31. c3 Ne5 32. Rxg5
Rxd4 33. cxd4 Nxc4 34. Bb3 Re3 35. Rg7 Rg3 36. g5 Rg1+ 37. Kc2 Ne3+ 38. Kd3 Nd5
39. Ke4 a5 40. Ke5 Nc7 41. Bf7 Re1+ 42. Kf5 Nb5 43. Be6+ Kb8 44. Rd7 Rf1+ 45.
Ke5 Re1+ 46. Kf6 Nc7 47. Bf5 Ne8+ 48. Kf7 Rf1 49. Rd8+ 1-0

[Event "Druzynowe Mistrzostwa Polski - II Liga Seniorow"]
[Site "Ustron/Slaski Zwiazek Szachowy"]
[Date "2008.09.10"]
[Round "4.14"]
[White "Zgadzaj, Rafal"]
[Black "Jaroch, Karol"]
[Result "1-0"]
[WhiteTitle "k"]
[BlackTitle "I++"]
[WhiteElo "2245"]
[BlackElo "2158"]

1. Nf3 f5 2. c4 Nf6 3. Nc3 e6 4. g3 b6 5. Bg2 Bb7 6. O-O Bb4 7. Qb3 Bxc3 8.
Qxc3 O-O 9. b4 d6 10. d3 e5 11. c5 Re8 12. Bb2 a5 13. a3 b5 14. bxa5 Bxf3 15.
Bxf3 d5 16. Qb3 e4 17. Bxf6 gxf6 18. dxe4 fxe4 19. Bg2 c6 20. f3 Nd7 21. fxe4
Nxc5 22. Qc3 Nxe4 23. Bxe4 Rxe4 24. Rxf6 Rxe2 25. Rf4 Re4 26. Raf1 d4 27. Qxc6
Rxf4 28. Qe6+ Kh8 29. Rxf4 Qg5 30. Kg2 Rd8 31. Rf5 1-0

[Event "Druzynowe Mistrzostwa Polski - II Liga Seniorow"]
[Site "Ustron/Slaski Zwiazek Szachowy"]
[Date "2008.09.10"]
[Round "4.15"]
[White "Jaroch, Pawel"]
[Black "Najbar, Marcin"]
[Result "1/2-1/2"]
[WhiteTitle "k"]
[BlackTitle "k+"]
[WhiteElo "2255"]
[BlackElo "2230"]

1. d4 c5 2. dxc5 e6 3. Nc3 Nf6 4. e4 Qa5 5. Bd3 Bxc5 6. Nf3 Nc6 7. O-O Qc7 8.
Qe2 Ng4 9. g3 a6 10. Kg2 O-O 11. Bf4 Nge5 12. Nd5 Qb8 13. b4 Ba7 14. Nxe5 Nxe5
15. Ne7+ Kh8 16. Qh5 d6 17. Nxc8 Qxc8 18. Bxe5 dxe5 19. Qxe5 Rd8 20. Qh5 g6 21.
Qf3 Kg8 22. h4 Bd4 23. Rab1 Qc7 24. h5 a5 25. hxg6 hxg6 26. a3 axb4 27. axb4
Kg7 28. Rh1 Rh8 29. Rxh8 Rxh8 30. Rd1 Qc3 31. b5 b6 32. Be2 Qxf3+ 33. Bxf3 Bc5
34. Rd7 Ra8 35. Be2 Ra1 36. Bc4 Kf8 37. f4 Rc1 38. Bd3 1/2-1/2

[Event "Druzynowe Mistrzostwa Polski - II Liga Seniorow"]
[Site "Ustron/Slaski Zwiazek Szachowy"]
[Date "2008.09.10"]
[Round "4.16"]
[White "Krzywda, Andrzej"]
[Black "Ziolkowski, Dawid"]
[Result "0-1"]
[WhiteTitle "I++"]
[BlackTitle "k"]
[WhiteElo "2163"]
[BlackElo "2183"]

1. d4 Nf6 2. c4 c5 3. d5 b5 4. cxb5 a6 5. b6 e6 6. Nc3 Nxd5 7. Nxd5 exd5 8.
Qxd5 Nc6 9. Bg5 f6 10. Bd2 Qxb6 11. Bc3 Bb7 12. Qb3 Qxb3 13. axb3 d5 14. e3 d4
15. Bd2 dxe3 16. Bxe3 Rd8 17. Nf3 Nb4 18. Rc1 Be4 19. Be2 Nd3+ 20. Bxd3 Bxd3
21. Bxc5 Bxc5 22. Rxc5 O-O 23. Rc3 Rfe8+ 24. Kd1 Bf1+ 25. Kc1 Bxg2 26. Rd1
Rxd1+ 27. Kxd1 Re4 28. Ne1 Bf1 29. f3 Rd4+ 30. Kc1 Rh4 31. Rc2 g5 32. Rf2 Bb5
33. Rd2 Kf7 34. Nc2 Bc6 35. Re2 Bd5 0-1

[Event "Druzynowe Mistrzostwa Polski - II Liga Seniorow"]
[Site "Ustron/Slaski Zwiazek Szachowy"]
[Date "2008.09.10"]
[Round "4.17"]
[White "Jozwicki, Jakub"]
[Black "Malecki, Rafal"]
[Result "1-0"]
[WhiteTitle "k"]
[BlackTitle ""]
[WhiteElo "2220"]
[BlackElo "2118"]

1. e4 d6 2. d4 Nf6 3. Nc3 g6 4. Bg5 Bg7 5. f4 h6 6. Bh4 c5 7. dxc5 Qa5 8. Qd2
Qxc5 9. Bd3 Nc6 10. Nge2 Be6 11. h3 Rc8 12. Bf2 Qa5 13. O-O g5 14. Be3 gxf4 15.
Nxf4 Bd7 16. Qf2 Rg8 17. Kh1 Nh5 18. Nfd5 Be6 19. g4 Nf6 20. Nf4 Bd7 21. Nh5
Ne5 22. Nxf6+ Bxf6 23. Nd5 Bg5 24. Bxa7 h5 25. Bb6 Qa4 26. h4 Bh6 27. g5 Bf8
28. b3 Qa3 29. Bd4 Be6 30. Bxe5 dxe5 31. Bb5+ 1-0

[Event "Druzynowe Mistrzostwa Polski - II Liga Seniorow"]
[Site "Ustron/Slaski Zwiazek Szachowy"]
[Date "2008.09.10"]
[Round "4.18"]
[White "Kupczyk, Edyta"]
[Black "Bursa, Renata"]
[Result "1-0"]
[WhiteTitle "m"]
[BlackTitle "WFM"]
[WhiteElo "2110"]
[BlackElo "2065"]

1. d4 d5 2. c4 e6 3. Nc3 f5 4. e3 Nf6 5. Nf3 c6 6. b3 Bd6 7. a4 Qe7 8. Be2 O-O
9. c5 Bc7 10. b4 Nbd7 11. b5 Ne4 12. Bb2 e5 13. O-O Nxc3 14. Bxc3 e4 15. Nd2 f4
16. exf4 Bxf4 17. Bg4 Nf6 18. Bxc8 Raxc8 19. Re1 Rce8 20. Nf1 Qf7 21. Ra2 Qg6
22. Bd2 Bb8 23. Be3 Nd7 24. Qe2 Rf6 25. a5 Ref8 26. a6 b6 27. Rb1 bxc5 28. bxc6
Rxc6 29. Rb7 Qd6 30. Qg4 Rc7 31. Rb5 c4 32. Ng3 Nf6 33. Qg5 c3 34. Bf4 Qd7 35.
Rb1 Rcc8 36. Rb7 Bxf4 37. Qxf4 Qg4 38. Qc1 h5 39. h3 Qg6 40. Rxa7 h4 41. Ne2
Nh5 42. Rb7 Qf6 43. Qe3 c2 44. Rbb2 Qg6 45. Rxc2 Rxc2 46. Rxc2 Rf3 47. Qc1 e3
48. a7 exf2+ 49. Kf1 Rf8 50. Qa3 Qe8 51. a8=Q Ng3+ 52. Qxg3 Qxa8 53. Qxh4 Qb8
54. Qg3 Qb1+ 55. Rc1 Qb4 56. Qc3 Qd6 57. Qg3 Qb4 58. Qc3 Qd6 59. Qc7 Qb4 60.
Qd7 Qb3 61. Qe6+ Kh8 62. h4 Qb8 63. Qe5 Qb3 64. Nf4 Qg3 65. Qh5+ Kg8 66. Qxd5+
Kh8 67. Qh5+ Kg8 68. Qd5+ Kh8 69. Qh5+ Kg8 70. Qd5+ Kh8 71. Qe4 Qxf4 72. Qxf4
Rxf4 73. d5 Rxh4 74. Kxf2 Rd4 75. Rc5 Kg8 76. Ke3 Rd1 77. Ke4 Kf7 78. Ke5 g5
79. Rc7+ Kf8 80. Rc4 Rd2 81. g4 Ke7 82. Rd4 Rf2 83. d6+ Kd7 84. Rd1 Rf4 85. Rg1
Rf2 86. Rb1 Re2+ 87. Kf6 Re6+ 88. Kxg5 Rxd6 89. Re1 Rc6 90. Kh5 Rc2 91. g5 Rh2+
92. Kg6 Rh3 93. Kg7 Rf3 94. g6 Rh3 95. Re4 Rh1 96. Kf6 Rf1+ 97. Kg5 Rf8 98. g7
Rg8 99. Kg6 Kd6 100. Kh7 1-0

[Event "Druzynowe Mistrzostwa Polski - II Liga Seniorow"]
[Site "Ustron/Slaski Zwiazek Szachowy"]
[Date "2008.09.10"]
[Round "4.19"]
[White "Szczechowicz, Bartosz"]
[Black "Proszynski, Waldemar"]
[Result "1-0"]
[WhiteTitle "k+"]
[BlackTitle "I"]
[WhiteElo "2270"]
[BlackElo "2042"]

1. d4 Nf6 2. c4 e6 3. Nf3 d5 4. Nc3 Be7 5. Bg5 a6 6. cxd5 Nxd5 7. Bxe7 Qxe7 8.
e4 Nxc3 9. bxc3 O-O 10. Bc4 b5 11. Bb3 Bb7 12. Qe2 c5 13. O-O Nd7 14. Rad1 cxd4
15. cxd4 Rfc8 16. Rfe1 Rc3 17. d5 exd5 18. e5 Nc5 19. Bxd5 Bxd5 20. Rxd5 Ne6
21. Qd2 Qa3 22. Ng5 Nxg5 23. Rd8+ Rxd8 24. Qxd8+ Qf8 25. Qxg5 Rd3 26. Qf5 Rd5
27. Qe4 Qd8 28. e6 fxe6 29. Qxe6+ Kf8 30. Qxa6 h6 31. h3 Kg8 32. Qe6+ Kh7 33.
Qg4 Qd6 34. g3 Re5 35. Rxe5 Qxe5 36. Kh2 Qb2 37. Qf5+ Kh8 38. Qf7 b4 39. Kg2
Qd2 40. g4 Qd4 41. Qe8+ Kh7 42. Qe6 Kh8 43. h4 Qd8 44. Qe4 Qd2 45. Qc4 Qd6 46.
g5 hxg5 47. hxg5 g6 48. f4 Kg7 49. Kf3 Qd1+ 50. Ke4 Qb1+ 51. Kd5 Qf5+ 52. Kc6
Qa5 53. Kb7 Qa3 54. Kb6 Qa4 55. Qc7+ Kg8 56. Qb8+ Kg7 57. Qa7+ Qxa7+ 58. Kxa7
1-0

[Event "Druzynowe Mistrzostwa Polski - II Liga Seniorow"]
[Site "Ustron/Slaski Zwiazek Szachowy"]
[Date "2008.09.10"]
[Round "4.20"]
[White "Nurkiewicz, Maciej"]
[Black "Wcislo, Damian"]
[Result "1-0"]
[WhiteTitle "m"]
[BlackTitle "k+"]
[WhiteElo "2384"]
[BlackElo "2216"]

1. e4 c5 2. Nf3 Nc6 3. d4 cxd4 4. Nxd4 Nf6 5. Nc3 d6 6. Bg5 e6 7. Qd2 a6 8. f3
Bd7 9. O-O-O Be7 10. h4 h6 11. Be3 h5 12. Kb1 Ne5 13. Bg5 b5 14. Bd3 b4 15.
Nce2 Qb6 16. f4 Neg4 17. Rhf1 Rc8 18. f5 e5 19. Nf3 d5 20. Ng3 d4 21. Qe2 Bb5
22. Nd2 Qc6 23. Rc1 Qc5 24. Rfe1 g6 25. Rf1 O-O 26. Nf3 Rc6 27. Rh1 Rb8 28. Nh2
Nxh2 29. Rxh2 Ng4 30. Rhh1 Bf8 31. Nf1 gxf5 32. Ng3 f6 33. Bd2 fxe4 34. Qxe4
Rb7 35. Nxh5 Nf2 36. Qg6+ Bg7 37. Qh7+ Kf8 38. Nxg7 Rxg7 39. Bh6 Nxh1 40. Qxg7+
Ke8 41. Bf5 1-0

[Event "Druzynowe Mistrzostwa Polski - II Liga Seniorow"]
[Site "Ustron/Slaski Zwiazek Szachowy"]
[Date "2008.09.10"]
[Round "4.21"]
[White "Betkowski, Andrzej"]
[Black "Protaziuk, Grzegorz"]
[Result "0-1"]
[WhiteTitle "k"]
[BlackTitle "m"]
[WhiteElo "2201"]
[BlackElo "2328"]

1. e4 c5 2. Nf3 e6 3. d4 cxd4 4. Nxd4 Nc6 5. Nxc6 bxc6 6. Bd3 Nf6 7. O-O d5 8.
Nd2 Be7 9. c4 O-O 10. Qc2 g6 11. b3 Bb7 12. a3 Nd7 13. Bb2 Nc5 14. Rad1 d4 15.
Nf3 Nxd3 16. Qxd3 c5 17. b4 cxb4 18. axb4 Bxb4 19. Bxd4 Qe7 20. Ne5 f6 21. Ng4
e5 22. Ba1 Rad8 23. Qf3 Kg7 24. Ne3 a5 25. Rxd8 Rxd8 26. Nd5 Bxd5 27. exd5 Rc8
28. Qe4 Qc5 29. Bxe5 Qxc4 30. Bd4 Qxf1+ 31. Kxf1 Rc1+ 32. Ke2 Re1+ 33. Kd3 Rxe4
34. Kxe4 Be7 35. Kd3 a4 36. Kc4 Bd6 37. Kb5 a3 38. Kc6 Be5 39. Bxe5 fxe5 40. d6
a2 41. d7 a1=Q 42. d8=Q Qa4+ 43. Kb7 Qe4+ 44. Kc7 Qc2+ 45. Kb7 Qb2+ 46. Kc8
Qxf2 47. Qd5 Kf6 48. Qd8+ Kg7 49. Qe8 Kh6 50. Qxe5 Qxg2 51. Kd7 Qg5 52. Qe2
Qf5+ 53. Ke7 g5 54. Kd6 g4 55. Qe3+ Kg6 56. Qg3 Kg5 57. Ke7 0-1

[Event "Druzynowe Mistrzostwa Polski - II Liga Seniorow"]
[Site "Ustron/Slaski Zwiazek Szachowy"]
[Date "2008.09.10"]
[Round "4.22"]
[White "Sliwerski, Radoslaw"]
[Black "Wozniak, Maciej"]
[Result "1-0"]
[WhiteTitle "k+"]
[BlackTitle "k"]
[WhiteElo "2165"]
[BlackElo "2221"]

1. d4 d5 2. c4 c6 3. Nf3 Nf6 4. Nc3 dxc4 5. a4 Bg4 6. Ne5 Bh5 7. f3 Nfd7 8.
Nxc4 e5 9. Ne4 Bb4+ 10. Bd2 Qe7 11. Bxb4 Qxb4+ 12. Qd2 Qxd2+ 13. Kxd2 exd4 14.
Ned6+ Kd8 15. Nxb7+ Kc7 16. Nba5 Nb6 17. e3 Rd8 18. e4 f6 19. b4 Bf7 20. Bd3
Nxc4+ 21. Bxc4 Bxc4 22. Nxc4 Na6 23. Rhb1 Rab8 24. b5 Nc5 25. Na5 cxb5 26. axb5
Rd6 27. Nc4 Re6 28. Rxa7+ Rb7 29. Ra8 Nd7 30. Na5 Rbb6 31. Rc1+ Kd6 32. Nc4+
Ke7 33. Nxb6 Rxb6 34. Ra5 g5 35. Rc4 g4 36. Rc6 gxf3 37. gxf3 Rb7 38. f4 Nb8
39. Rc4 Kd6 40. Rxd4+ 1-0

[Event "Druzynowe Mistrzostwa Polski - II Liga Seniorow"]
[Site "Ustron/Slaski Zwiazek Szachowy"]
[Date "2008.09.10"]
[Round "4.23"]
[White "Czernicki, Bogdan"]
[Black "Delega, Tomasz"]
[Result "0-1"]
[WhiteTitle "k"]
[BlackTitle "k"]
[WhiteElo "2032"]
[BlackElo "2075"]

1. d4 Nf6 2. Nf3 g6 3. c4 c5 4. e3 Bg7 5. Nc3 O-O 6. Be2 cxd4 7. exd4 d5 8. c5
Nc6 9. O-O b6 10. cxb6 Qxb6 11. h3 Bf5 12. Na4 Qb8 13. a3 a5 14. Be3 Ne4 15.
Rc1 Rc8 16. Bd3 h5 17. Qe2 Nd6 18. Bxf5 Nxf5 19. Rfd1 e6 20. Rc3 Nce7 21. Rdc1
Rxc3 22. Rxc3 Nxe3 23. Qxe3 Qb4 24. b3 Nf5 25. Qd2 Nd6 26. Qc2 Ne4 27. Rc7 Rb8
28. Nc5 Nxc5 29. Rxc5 Qxb3 30. Qxb3 Rxb3 31. Rxa5 Bf8 32. a4 Bd6 33. Ra7 Rb1+
0-1